Korupcia - patologický jav vo verejnej správe
Pojem korupcia. Korupčné správanie vo verejnej správe. Kontrolný systém verejnej správy ako prostriedok regulácie korupčného správania.
Salvato in:
| Autore principale: | |
|---|---|
| Altri autori: | , |
| Natura: | Capitolo di libro |
| Lingua: | slovacco |
| Soggetti: | |
| Tags: |
Nessun Tag, puoi essere il primo ad aggiungerne!!
|
MARC
| LEADER | 00000naa a2200000 4500 | ||
|---|---|---|---|
| 001 | 0169989 | ||
| 005 | 20220429115636.0 | ||
| 041 | 0 | |a slo | |
| 044 | |a SK | ||
| 245 | 1 | 0 | |a Korupcia - patologický jav vo verejnej správe |c Ladislav Dudor, Petra Andorová, Jozef Králik |
| 520 | |a Pojem korupcia. Korupčné správanie vo verejnej správe. Kontrolný systém verejnej správy ako prostriedok regulácie korupčného správania. | ||
| 610 | 2 | 0 | |a korupcia |
| 610 | 2 | 0 | |a kontrola |
| 610 | 2 | 0 | |a sektor verejný |
| 610 | 2 | 0 | |a správa verejná |
| 100 | 1 | |a Dudor, Ladislav | |
| 700 | 1 | |a Andorová, Petra | |
| 700 | 1 | |a Králik, Jozef | |